[Event "Sueca op 8th"]
[Site "Sueca"]
[Date "2024.08.09"]
[Round "6"]
[White "Reig Albero, Ferran"]
[Black "Rubio Cerda, Fernando"]
[Result "1/2-1/2"]
[WhiteElo "1969"]
[BlackElo "1741"]
[PlyCount "60"]
[EventDate "2024.08.05"]
[EventType "swiss"]
[EventRounds "9"]
[EventCountry "ESP"]
[SourceTitle "CBM 221 Extra"]
[Source "ChessBase"]
[SourceDate "2024.09.30"]
[SourceVersion "1"]
[SourceVersionDate "2024.09.30"]
[SourceQuality "1"]

1. e4 c5 2. Nf3 d6 3. d4 cxd4 4. Nxd4 Nf6 5. Nc3 a6 6. Be3 e5 7. Nb3 Be6 8. Qd2 Be7 9. f3 0-0 10. 0-0-0 a5 11. a4 Nc6 12. g4 Nb4 13. g5 Nd7 14. h4 Rc8 15. Kb1 Nb6 16. Qf2 Na8 17. Rd2 Qc7 18. Nd5 Nxd5 19. exd5 Bd7 20. Bb5 Bxb5 21. axb5 a4 22. Nc1 Qc4 23. Qe2 Qb4 24. Na2 Qa5 25. h5 Nc7 26. c4 Na8 27. Rc2 Rc7 28. Bd2 Qa7 29. Be3 Qa5 30. Bd2 Qa7 1/2-1/2

[Event "Sueca op 7th"]
[Site "Sueca"]
[Date "2023.08.13"]
[Round "9"]
[White "Reig Albero, Ferran"]
[Black "Porras Boronat, German"]
[Result "1-0"]
[WhiteElo "1897"]
[BlackElo "1518"]
[PlyCount "49"]
[EventDate "2023.08.07"]
[EventType "swiss"]
[EventRounds "9"]
[EventCountry "ESP"]
[SourceTitle "CBM 215 Extra"]
[Source "ChessBase"]
[SourceDate "2023.09.30"]
[SourceVersion "1"]
[SourceVersionDate "2023.09.30"]
[SourceQuality "1"]

1. e4 c5 2. Nf3 Nc6 3. d4 cxd4 4. Nxd4 g6 5. Be3 Nf6 6. Nc3 Bg7 7. Be2 0-0 8. Nb3 d6 9. 0-0 a6 10. f4 Qc7 11. Kh1 Bd7 12. Qd2 Rfd8 13. Nd5 Nxd5 14. exd5 Nb8 15. c3 Be8 16. Bd4 Nd7 17. Bxg7 Kxg7 18. Rf3 Nf6 19. Re3 Ba4 20. Nd4 Kf8 21. c4 Bd7 22. f5 Ne8 23. Rh3 Kg8 24. Rf1 Nf6 25. Rh4 1-0

[Event "Sueca op 7th"]
[Site "Sueca"]
[Date "2023.08.10"]
[Round "5"]
[White "Reig Albero, Ferran"]
[Black "Pallas i Garrido, Ernest Josep"]
[Result "1/2-1/2"]
[WhiteElo "1897"]
[BlackElo "1715"]
[PlyCount "42"]
[EventDate "2023.08.07"]
[EventType "swiss"]
[EventRounds "9"]
[EventCountry "ESP"]
[SourceTitle "CBM 215 Extra"]
[Source "ChessBase"]
[SourceDate "2023.09.30"]
[SourceVersion "1"]
[SourceVersionDate "2023.09.30"]
[SourceQuality "1"]

1. e4 e6 2. d4 d5 3. Nc3 dxe4 4. Nxe4 Nd7 5. Nf3 Ngf6 6. Nxf6+ Nxf6 7. Bd3 c5 8. c3 cxd4 9. cxd4 Bb4+ 10. Bd2 Qa5 11. a3 Bxd2+ 12. Qxd2 Qxd2+ 13. Kxd2 Bd7 14. Ne5 Rc8 15. Rac1 Ke7 16. f3 h6 17. Be4 Nd5 18. Bxd5 exd5 19. Rhe1 Be6 20. f4 Rxc1 21. Rxc1 Rc8 1/2-1/2

[Event "Sueca op 7th"]
[Site "Sueca"]
[Date "2023.08.09"]
[Round "3"]
[White "Serrano Requena, Guillem"]
[Black "Reig Albero, Ferran"]
[Result "0-1"]
[WhiteElo "1568"]
[BlackElo "1897"]
[PlyCount "114"]
[EventDate "2023.08.07"]
[EventType "swiss"]
[EventRounds "9"]
[EventCountry "ESP"]
[SourceTitle "CBM 215 Extra"]
[Source "ChessBase"]
[SourceDate "2023.09.30"]
[SourceVersion "1"]
[SourceVersionDate "2023.09.30"]
[SourceQuality "1"]

1. d4 d5 2. Nf3 Nf6 3. Bg5 Nbd7 4. e3 e6 5. Bd3 c5 6. c3 Be7 7. Nbd2 b6 8. 0-0 Bb7 9. h3 0-0 10. Qe2 h6 11. Bf4 Ne4 12. Ba6 Bxa6 13. Qxa6 Nxd2 14. Nxd2 Nf6 15. Nf3 Bd6 16. Be5 Ne4 17. a4 Bxe5 18. Nxe5 Nd2 19. Rfd1 Nb3 20. Ra3 c4 21. Nd3 Qc7 22. Nb4 Rfb8 23. Qb5 Rc8 24. Qa6 Rd8 25. Qb5 Rd6 26. Na6 Qc8 27. Kh1 Na5 28. Qb4 Rd7 29. Qb5 Nb7 30. Nb4 Nd6 31. Qc6 Qd8 32. a5 b5 33. Qa6 Rb7 34. b3 Qc7 35. bxc4 Nxc4 36. Raa1 Rd8 37. Qc6 Qe7 38. Na6 Rd6 39. Qc8+ Kh7 40. Nc5 Rc7 41. Qb8 a6 42. Nxa6 Rxa6 43. Qxb5 Rca7 44. Qb1+ g6 45. e4 Rxa5 46. Rxa5 Rxa5 47. exd5 exd5 48. Re1 Qf6 49. Kg1 Ra6 50. Qb7 Re6 51. Ra1 Re2 52. f3 Ne3 53. Ra7 Kg7 54. Qe7 Rxg2+ 55. Kh1 Qxf3 56. Qe5+ Kh7 57. Ra1 Qxh3+ 0-1

[Event "Alzira U2200 op 9th"]
[Site "Alzira"]
[Date "2019.12.27"]
[Round "1.7"]
[White "Reig Albero, Ferran"]
[Black "Marco Catala, Juan Bautista"]
[Result "1-0"]
[WhiteElo "2006"]
[BlackElo "1642"]
[PlyCount "59"]
[EventDate "2019.12.27"]
[EventType "swiss"]
[EventRounds "8"]
[EventCountry "ESP"]
[SourceTitle "EXT 2024"]
[Source "ChessBase"]
[SourceDate "2023.10.10"]
[SourceVersion "1"]
[SourceVersionDate "2023.10.10"]
[SourceQuality "1"]

1. e4 g6 2. d4 Bg7 3. Bc4 c6 4. Bb3 Nf6 5. Nc3 d6 6. Nf3 0-0 7. 0-0 Bg4 8. Be3 Nbd7 9. h3 Bxf3 10. Qxf3 Qc7 11. Rad1 e5 12. dxe5 Nxe5 13. Qg3 Ne8 14. Rd2 Nd7 15. Rfd1 Nc5 16. Bxc5 dxc5 17. Qxc7 Nxc7 18. Rd7 Rac8 19. Rxf7 Rxf7 20. Rd7 Kh8 21. Bxf7 b5 22. f4 b4 23. Nd1 Bd4+ 24. Kh2 Nb5 25. e5 g5 26. g3 gxf4 27. gxf4 Rc7 28. Rxc7 Nxc7 29. c3 Kg7 30. Bc4 1-0

[Event "Alzira Chrismas 7th"]
[Site "Alzira"]
[Date "2017.12.30"]
[Round "7.5"]
[White "Duller Llopis, Jouke"]
[Black "Reig Albero, Ferran"]
[Result "1/2-1/2"]
[WhiteElo "1816"]
[BlackElo "1943"]
[PlyCount "61"]
[EventDate "2017.12.27"]
[EventType "swiss"]
[EventRounds "8"]
[EventCountry "ESP"]
[SourceTitle "EXT 2024"]
[Source "ChessBase"]
[SourceDate "2023.10.10"]
[SourceVersion "1"]
[SourceVersionDate "2023.10.10"]
[SourceQuality "1"]

1. d4 Nf6 2. Nf3 e6 3. c4 d5 4. Bf4 Nbd7 5. Nc3 Bb4 6. e3 0-0 7. Qb3 c5 8. Be2 dxc4 9. Bxc4 a6 10. 0-0 b5 11. Be2 Bb7 12. a4 Bxc3 13. bxc3 Bd5 14. Qb2 bxa4 15. Rxa4 c4 16. Ne5 Nxe5 17. Bxe5 Nd7 18. Bg3 Qc8 19. Rfa1 Qc6 20. f3 f5 21. Qa2 Nb6 22. Ra5 g5 23. Be5 Nd7 24. Rxa6 Rxa6 25. Qxa6 Nxe5 26. dxe5 Qc5 27. Qa7 Qxa7 28. Rxa7 Rb8 29. Ra4 Rb1+ 30. Kf2 Rb2 31. Kf1 1/2-1/2

[Event "Alzira Chrismas 7th"]
[Site "Alzira"]
[Date "2017.12.30"]
[Round "8.4"]
[White "Reig Albero, Ferran"]
[Black "Albuixec Sanz, Jorge"]
[Result "1-0"]
[WhiteElo "1943"]
[BlackElo "1817"]
[PlyCount "33"]
[EventDate "2017.12.27"]
[EventType "swiss"]
[EventRounds "8"]
[EventCountry "ESP"]
[SourceTitle "EXT 2024"]
[Source "ChessBase"]
[SourceDate "2023.10.10"]
[SourceVersion "1"]
[SourceVersionDate "2023.10.10"]
[SourceQuality "1"]

1. e4 c5 2. Nf3 g6 3. d4 cxd4 4. Nxd4 Bg7 5. Nc3 Nc6 6. Be3 d6 7. f3 Nf6 8. Qd2 0-0 9. 0-0-0 a6 10. h4 Nxd4 11. Bxd4 Qa5 12. Kb1 Qc7 13. h5 Nxh5 14. Bxg7 Kxg7 15. g4 Nf6 16. Qh6+ Kg8 17. Nd5 1-0

[Event "Benimodo op U2200 12th"]
[Site "Benimodo"]
[Date "2017.08.19"]
[Round "5"]
[White "Reig Albero, Ferran"]
[Black "Carbonell Sancho, Marc"]
[Result "0-1"]
[WhiteElo "1939"]
[BlackElo "1947"]
[PlyCount "124"]
[EventDate "2017.08.18"]
[EventType "swiss"]
[EventRounds "7"]
[EventCountry "ESP"]
[SourceTitle "EXT 2019"]
[Source "ChessBase"]
[SourceDate "2018.10.10"]
[SourceVersion "1"]
[SourceVersionDate "2018.10.10"]
[SourceQuality "1"]

1. e4 e6 2. d4 d5 3. Nd2 c5 4. Ngf3 Nc6 5. exd5 Qxd5 6. Bc4 Qd8 7. Nb3 cxd4 8. Nbxd4 Nxd4 9. Qxd4 Qxd4 10. Nxd4 Bd7 11. 0-0 Nf6 12. Re1 Rc8 13. Bd3 Bc5 14. c3 Bxd4 15. cxd4 0-0 16. Bg5 Bc6 17. Rac1 Bd5 18. a3 h6 19. Be3 Rfd8 20. Rxc8 Rxc8 21. f3 Kf8 22. Kf2 Ke7 23. Rc1 Rxc1 24. Bxc1 Bc6 25. Bd2 Kd7 26. g3 a6 27. Bb4 g6 28. Bd2 h5 29. Bg5 Nd5 30. Bd2 Nf6 31. Bg5 Ne8 32. Bf4 Nd6 33. h4 Bd5 34. Bxd6 Kxd6 35. Be4 Bxe4 36. fxe4 e5 37. Ke3 f6 38. Kd3 b5 39. b3 a5 40. b4 axb4 41. axb4 Ke6 42. Ke3 exd4+ 43. Kxd4 Kd6 44. Kd3 Ke5 45. Ke3 g5 46. Kd3 gxh4 47. gxh4 Kf4 48. Kd4 Kg4 49. Kc5 Kxh4 50. Kxb5 Kg5 51. Kc6 h4 52. b5 h3 53. b6 h2 54. b7 h1Q 55. b8Q Qxe4+ 56. Kc5 Qe5+ 57. Qxe5+ fxe5 58. Kc4 Kf4 59. Kd3 Kf3 60. Kd2 e4 61. Ke1 Ke3 62. Kd1 Kf2 0-1

[Event "Xativa Murta op 2nd"]
[Site "Xativa"]
[Date "2016.08.26"]
[Round "7"]
[White "Ibanez Aullana, Jose Ramon"]
[Black "Reig Albero, Ferran"]
[Result "1-0"]
[WhiteElo "2249"]
[BlackElo "1993"]
[PlyCount "84"]
[EventDate "2016.08.22"]
[EventType "swiss"]
[EventRounds "9"]
[EventCountry "ESP"]
[SourceTitle "CBM 174 Extra"]
[Source "ChessBase"]
[SourceDate "2016.10.10"]
[SourceVersion "1"]
[SourceVersionDate "2016.10.10"]
[SourceQuality "1"]

1. d4 d5 2. c4 e6 3. Nf3 Nf6 4. g3 Be7 5. Bg2 0-0 6. 0-0 Nbd7 7. Qc2 c6 8. Bf4 b6 9. cxd5 cxd5 10. Qc6 Ba6 11. Nc3 Qc8 12. Qa4 b5 13. Nxb5 Qc6 14. Nc3 Qxa4 15. Nxa4 Bxe2 16. Rfe1 Ba6 17. a3 Ne4 18. b4 g5 19. Be3 Bf6 20. Rad1 g4 21. Nd2 Nxd2 22. Rxd2 Nb6 23. Nc5 Bb5 24. Bf1 Bxf1 25. Kxf1 Rfc8 26. b5 Nc4 27. Ra2 Be7 28. Rc1 e5 29. Nd3 Bxa3 30. Rca1 Bd6 31. b6 Nxb6 32. dxe5 Bc7 33. Rxa7 Rxa7 34. Rxa7 Nc4 35. Bd4 Bb6 36. Bxb6 Nxb6 37. Rb7 Nc4 38. Rd7 Nb6 39. Rd6 Rc3 40. Nf4 Rb3 41. Nh5 Kf8 42. Nf6 h5 1-0